000 00682nam a2200277Ia 4500
005 20260324133426.0
008 008 260324s9999 xx 000 0 eng d
020 _a9780203065860
037 _aEBOOK
040 _aCRL
040 _beng
040 _cCRL
041 _2eng
041 _aeng
084 _qCRL
100 _aMargaret Roberts; Dot Constable
_91193050
245 0 _aHandbook for Learning Mentors in Primary and Secondary Schools
260 _bTaylor and Francis
260 _c2003
365 _a
365 _b205
856 _uhttp://www.taylorfrancis.com/books/9780203065860
942 _cEBOOK
999 _c1792059
_d1792059